00340nam a22001097a 4500020001800000082001600018100001400034245007500048260005100123300002100174880003500195 a9787108029690 a181.11bCHE aChen, Lai aNine Theories on East Asian Confucianism (Chinese Edition) /cLai Chen aChina :bSDX Joint Publication Company,c2008. a230 p. ;c19 cm. 6245-02\ra东亚儒学九论 /